MUNA - guess the song with no hints #4 - Statistics

General Stats
  • This quiz has been taken 42 times
  • The average score is 168 of 294
Answer Stats
Answer % Correct
a
94%
you
90%
You
90%
an
81%
the
81%
Go
77%
go
77%
in
77%
In
77%
her
71%
her,
71%
is
71%
love
71%
That
71%
that
71%
And
68%
and
68%
girl
68%
girl,
68%
it
68%
on
68%
On
68%
then
68%
your
68%
gonna
65%
not
65%
to
65%
You're
65%
you're
65%
baby
61%
be
61%
can
61%
just
61%
with
61%
With
61%
It's
58%
of
58%
okay,
58%
okay
58%
say
58%
think
58%
by
55%
down
55%
fall
55%
about
52%
After
52%
are
52%
away
52%
ever
52%
from
52%
get
52%
LA
52%
like
52%
out
52%
sun
52%
way
52%
were
52%
call
48%
can't
48%
Communism
48%
expecting
48%
experiment
48%
feel
48%
friend,
48%
mom
48%
move
48%
New
48%
read
48%
reading
48%
some
48%
start
48%
which
48%
Yeah,
48%
York
48%
all
45%
band
45%
cut
45%
dorm
45%
friends
45%
hair
45%
have
45%
high
45%
Learn
45%
learn
45%
place
45%
room
45%
running
45%
sad
45%
sit
45%
than
45%
yourself
45%
addict
42%
another
42%
decisions
42%
desk
42%
error
42%
find
42%
fun
42%
Guess
42%
hide
42%
made
42%
more
42%
pain
42%
scissors
42%
suicide
42%
threesomes
42%
trial
42%
you'll
42%
you've
42%
aunt's
39%
been
39%
dull
39%
Fanon
39%
him
39%
house
39%
how
39%
lie
39%
morning
39%
off
39%
sex
39%
Trying
39%
admit
35%
Art
35%
come
35%
commit
35%
deepest
35%
dreams
35%
face
35%
Frantz
35%
freaked
35%
gotta
35%
into
35%
Motorcycle
35%
much
35%
patterns
35%
pretend
35%
quit
35%
sadistic
35%
save
35%
something
35%
stranger
35%
tell
35%
true
35%
depend
32%
finally
32%
God
32%
Jesus
32%
Maintenance"
32%
metaphor
32%
mystery
32%
Until
32%
wake
32%
clean
29%
drawers
29%
reflection
29%
"Zen
29%
pray
19%
No matching quizzes found
Score Distribution
Percent of People with Each Score
Percentile by Number Answered
Your Score History
You have not taken this quiz